| Tag |
First Indicator |
Second Indicator |
Subfields |
| LEADER |
00000cam a2200000 a 4500 |
| 001 |
in00001402914 |
| 005 |
20151020053059.0 |
| 008 |
841030s1958 ilua b 000 0 eng d |
| 035 |
|
|
|a (OCoLC)11324643
|
| 035 |
|
|
|9 AHM6957AM
|
| 040 |
|
|
|a MHR
|c MHR
|d TXA
|d UtOrBLW
|
| 043 |
|
|
|a n-us---
|
| 049 |
|
|
|a TXAS [mil]
|
| 090 |
|
|
|a UD395.S8
|b S56 1958
|
| 100 |
1 |
|
|a Shockley, Philip M.,
|d 1901-
|
| 245 |
1 |
4 |
|a The trap-door Springfield in the service /
|c by Philip M. Shockley.
|
| 250 |
|
|
|a [5th ed.].
|
| 264 |
|
1 |
|a Aledo, Ill. :
|b World-Wide Gun Report, Inc.,
|c [1958]
|
| 264 |
|
4 |
|c ©1958
|
| 300 |
|
|
|a 32 pages :
|b illustrations ;
|c 23 cm.
|
| 336 |
|
|
|a text
|b txt
|2 rdacontent
|
| 337 |
|
|
|a unmediated
|b n
|2 rdamedia
|
| 338 |
|
|
|a volume
|b nc
|2 rdacarrier
|
| 500 |
|
|
|a Includes bibliographical references.
|
| 650 |
|
0 |
|a Springfield rifle.
|
| 610 |
1 |
0 |
|a United States.
|b Army
|x Firearms.
|
| 999 |
|
|
|a MARS
|
| 999 |
f |
f |
|s 0aad93ea-6605-39b3-898c-417068fe14b2
|i f605acf6-52aa-3698-83ef-ba789b8261e2
|t 0
|
| 952 |
f |
f |
|p noncirc
|a Texas A&M University
|b College Station
|c Cushing Memorial Library & Archives
|d Cushing: Ragan Military (Does not check out)
|t 0
|e UD395.S8 S56 1958
|h Library of Congress classification
|i unmediated -- volume
|
| 998 |
f |
f |
|a UD395.S8 S56 1958
|t 0
|l Cushing: Ragan Military (Does not check out)
|